Stilmittel erraten - Statistiken

Allgemein
  • Dieses Quiz wurde 26 mal gespielt
  • Das Durchschnittsergebnis liegt bei 10 aus 27
Antwortstatistiken
Beschreibung Beispiel Stilmittel % Korrekt
Gleicher Anfangsbuchstabe von aufeinanderfolgenden Wörtern „Wir wollen wieder wandern.“ Alliteration
88%
Wiederholung von Satzanfängen Er ist niemals gestorbenEr lebt darin noch jetzt Er hat im Schloss verborgen Anapher
71%
Frage, dessen Antwort klar ist „Wer möchte nicht im Frieden leben?“ Rhetorische Frage
67%
Übertreibung Blitzschnell Hyperbel
63%
Übertragung eines Wortes in einen anderen Bedeutungsbreich Ein Meer von Plagen Metapher
63%
Verweis auf Gemeinsamkeiten „Er weint wie ein Kind.“ Vergleich
58%
Auslassung von Satzgliedern, die man aber aus dem Zusammenhang erschließen kann „Was nun?“ statt „Was machen wir nun?“ Ellipse
46%
Beschönigte Umschreibung eines negativen Sachverhalts Drahtesel für Fahrrad Euphemismus
46%
Bittere Ironie „Na toll, genau das habe ich mir gewünscht!“ Sarkasmus
46%
Zusammenstellung gegensätzlicher Begriffe Gut und Böse Antithese
42%
Wortneuschöpfung Selfie, Cyberkriminalität, frühshoppen Neologismus
42%
Wiederkehr des gleichen Satzbaus “Heiß ist die Liebe, kalt ist der Schnee.“ Parallelismus
38%
Zuordnung menschlicher Eigenschaften zu Tieren, Dingen, Begriffen Die Sonne lacht Personifikation
38%
Überkreuzung voneinander entsprechenden Satzgliedern “Die Kunst ist lang / und kurz ist unser Leben.“ Chiasmus
33%
Steigung durch Anreihung von Wörtern „Mein Bruder, mein Hauptmann, mein König.“ Klimax
33%
Scheinbarer Widerspruch „Er nennt`s Vernunft und braucht`s allein, um tierischer als jedes Tier zu sein.“ Paradoxon
29%
Verniedlichungsform „Ein Männlein steht im Walde.“ Diminutiv
25%
Aneinanderreihung von Wörtern, die zu einem Oberbegriff gehören “Ist was, das nicht durch Krieg, Schwert, Flamm und Spieß zerstört?“ Akkumulation
21%
Zeilensprung Dem Menschen ist aller Wert geraubt,Wenn er nicht mehr an die drei Worte glaubt. Enjambement
21%
Gegenstand mit übertragener Bedeutung Ring für Treue Symbol
21%
Verbesserung „Er trinkt…, was sage ich: Er säuft!“ Correctio
17%
Ausruf “Was für ein Mann!“ Exclamatio
17%
Zwei Begriffe, die dasselbe meinen Grund und Boden Hendiadyoin
17%
Eingeschobener Einwurf in einen Satzzusammenhang „Gehen Sie, o, gehen Sie ja.“ Interjektion
17%
Umstellung der Satzteile entgegen dem grammatischen Schema „Dich sah ich.“ Inversion
17%
Wiederholung „Bleiben Sie, bleiben Sie!“ Repetitio
17%
Kombination ähnlicher Wörter mit gleicher Bedeutung immer und ewig Tautologie
13%
Keine übereinstimmenden Quizze gefunden
Verteilung der Resultate
Anzahl Personen mit jedem Resultat
Perzentil nach korrekt beantworteten Fragen
Ihre Resultats-Entwicklung
Sie haben dieses Quiz noch nicht gespielt